Normal view
MARC view
- Machining
Entry Topical Term
001 - CONTROL NUMBER
- control field: 86758
003 - CONTROL NUMBER IDENTIFIER
- control field: NUST
005 - DATE AND TIME OF LATEST TRANSACTION
- control field: 20211216144430.0
008 - FIXED-LENGTH DATA ELEMENTS
- fixed length control field: 211216|| aca||aabn | a|a d
040 ## - CATALOGING SOURCE
- Original cataloging agency: NUST
- Transcribing agency: NUST
150 ## - HEADING--TOPICAL TERM
- Topical term or geographic name entry element: Machining
670 ## - SOURCE DATA FOUND
- Source citation: Work cat.: (NUST)33198: Boothroyd, G. (Geoffrey), 1932- 86757, Fundamentals of machining and machine tools /, c2006.
